09 - 栃木県の自治体(Text) - Statistics

General Stats
  • This quiz has been taken 9 times
  • The average score is 21 of 25
Answers on the Map
Answers color-coded by a green-red scale on the quiz's map according to % correct below.
 
Answer Stats
市町村 % Correct
足利あしかが
100%
宇都宮うつのみや
100%
小山おやま
100%
佐野さの
100%
栃木とちぎ
100%
那須塩原なすしおばら
100%
日光にっこう
100%
芳賀はがぐん 芳賀はがまち
100%
鹿沼かぬま
88%
下野しもつけ
88%
塩谷しおやぐん 高根沢たかねざわまち
88%
那須烏山なすからすやま
88%
那須なすぐん 那須なすまち
88%
下都賀しもつがぐん 野木のぎまち
88%
真岡もおか
88%
矢板やいた
88%
さくら
88%
大田原おおたわら
75%
河内かわちぐん 上三川かみのかわまち
75%
芳賀はがぐん 茂木もてぎまち
75%
芳賀はがぐん 市貝いちかいまち
63%
塩谷しおやぐん 塩谷しおやまち
63%
那須なすぐん 那珂川なかがわまち
63%
芳賀はがぐん 益子ましこまち
63%
下都賀しもつがぐん 壬生みぶまち
63%
No matching quizzes found
Score Distribution
Percent of People with Each Score
Percentile by Number Answered
Your Score History
You have not taken this quiz